Blur Fan Quiz - Statistics

General Stats
  • This quiz has been taken 244 times
  • The average score is 16 of 25
Answer Stats
Hint Answer % Correct
Lead singer name? Damon Albarn
99%
Lead guitarist name? Graham Coxon
96%
Bassist name? Alex James
94%
How many studio albums have Blur released? (As of 2020, excluding 'The Best Of') 8
93%
In what city was the band formed? London
91%
Drummer name? Dave Rowntree
87%
Which Blur single features verse vocals from actor Phil Daniels? Parklife
83%
How many Brit Awards did the Parklife album win? 2
81%
Which single from that album beat out Oasis' 'Roll With It' to earn Blur's first UK No1? Country House
78%
Name Damon Albarn's virtual band Gorillaz
76%
What was Blur's final 'Britpop' album? The Great Escape
72%
Name Blur's only single in which Damon Albarn does not sing lead vocals Coffee and TV
68%
Name the lead single to 'Modern Life is Rubbish' For Tomorrow
66%
Damon Albarn claims that he has only made two bad records in his life. They are 'The Great Escape' and _? Leisure
56%
In 1992, what country did Blur tour in order to recoup financial losses? USA
56%
In what country was Graham Coxon born? Germany
52%
Who was Damon Albarn's long-time girlfriend during the height of the band's fame? Justine Frischmann
48%
What is the name of Blur's 2009 documentary? No Distance Left to Run
45%
What is the name of the milk carton featured in the Coffee and TV music video? Milky
43%
What song was the bands other UK No1? Beetlebum
42%
Where was The Magic Whip album largely recorded? Hong Kong
37%
What was the only song from 'The Best Of' album not to have featured on a previous record? Music is My Radar
37%
What musical movement (most commonly associated with The Stone Roses) did Blur's first album take much influence from? Madchester
36%
What venue did Blur play in celebration of the 2012 Olympics? Hyde Park
24%
What Channel 4 TV show did Graham Coxon write the score to? The End of the F***ing World
11%
No matching quizzes found
Score Distribution
Percent of People with Each Score
Percentile by Number Answered
Your Score History
You have not taken this quiz